Special reports: top 60 firms survey (Record no. 73398)

MARC details
000 -LEADER
fixed length control field 01291cam a2200241 4500
001 - CONTROL NUMBER
control field ABS67068
008 - FIXED-LENGTH DATA ELEMENTS--GENERAL INFORMATION
fixed length control field 030912n2003 000 0 eng u
035 ## - SYSTEM CONTROL NUMBER
System control number (Sirsi) u123580
245 ## - TITLE STATEMENT
Title Special reports: top 60 firms survey
260 ## - PUBLICATION, DISTRIBUTION, ETC.
Date of publication, distribution, etc. 2003
490 ## - SERIES STATEMENT
Series statement Accountancy
Volume/sequential designation 132(1319) July 2003, 25-36(9)
520 ## - SUMMARY, ETC.
Summary, etc. Series of articles from the "Accountancy" annual top 60 league table of accountancy firms shows that growth has fallen. Firms are ranked by: fee income; previous year's income; percentage change; male and female partners; total partners, fee/partners ratio; number of UK offices; LLP and year end. Article also reveals the best and worst performances and where the firms' fee income comes from. Lists the top 20 audit and accountancy firms, tax firms, corporate recovery and consultancy firms. Reports that although the majority of accountancy students are female, very few reach partnership level. Concludes with interviews with some female partners in accountancy firms.
590 ## - LOCAL NOTE (RLIN)
Local note ABS
650 ## - SUBJECT ADDED ENTRY--TOPICAL TERM
Topical term or geographic name entry element ACCOUNTANCY FIRMS
650 ## - SUBJECT ADDED ENTRY--TOPICAL TERM
Topical term or geographic name entry element FEE INCOME
650 ## - SUBJECT ADDED ENTRY--TOPICAL TERM
Topical term or geographic name entry element RANKINGS
650 ## - SUBJECT ADDED ENTRY--TOPICAL TERM
Topical term or geographic name entry element ACQUISITIONS
650 ## - SUBJECT ADDED ENTRY--TOPICAL TERM
Topical term or geographic name entry element ACCOUNTANCY PROFESSION
650 ## - SUBJECT ADDED ENTRY--TOPICAL TERM
Topical term or geographic name entry element WOMEN
650 ## - SUBJECT ADDED ENTRY--TOPICAL TERM
Topical term or geographic name entry element DISPOSALS
690 ## - LOCAL SUBJECT ADDED ENTRY--TOPICAL TERM (OCLC, RLIN)
Topical term or geographic name as entry element MANAGEMENT-BUSINESS MANAGEMENT-FINANCIAL MANAGEMENT
942 ## - ADDED ENTRY ELEMENTS (KOHA)
Suppress in OPAC 0
Holdings
Withdrawn status Lost status Source of classification or shelving scheme Damaged status Not for loan Home library Current library Shelving location Date acquired Total Checkouts Full call number Barcode Date last seen Copy number Price effective from Koha item type
    Dewey Decimal Classification     London London Journal article 12/09/2003   ABS67068 123580-1001 06/08/2019 1 06/08/2019 Journal article